Agricultural microbiology (Record no. 395014)

MARC details
000 -LEADER
fixed length control field 00463 a2200193 4500
005 - DATE & TIME
control field 20260224110641.0
008 - FIXED-LENGTH DATA ELEMENTS--GENERAL INFORMATION
fixed length control field 260223b |||||||| |||| 00| 0 eng d
020 ## - ISBN
International Standard Book Number 9789388716956
Price Rs. 995.00
040 ## - CATALOGING SOURCE
Original cataloging agency VIVEKANANDA LIBRARY
082 ## - DDC NUMBER
Classification number 576
Book Number R14A
100 ## - MAIN ENTRY--PERSONAL NAME
Personal name Rao, N S Subba
245 ## - TITLE STATEMENT
Title Agricultural microbiology
250 ## - EDITION STATEMENT
Edition statement 3rd
260 ## - PUBLICATION, DISTRIBUTION, ETC. (IMPRINT)
Name of publisher, distributor, etc Medtech
Date of publication, distribution, etc 2020
Place of publication, distribution, etc New Delhi
300 ## - PHYSICAL DESCRIPTION
Pages xx, 591
650 ## - Subject
Subject Agriculture
650 ## - Subject
Subject Microbiology
942 ## - ADDED ENTRY ELEMENTS (KOHA)
Koha item type Books
Holdings
Withdrawn status Lost status Source of classification or shelving scheme Damaged status Not for loan Location (home branch) Sublocation or collection (holding branch) Shelving location Date acquired Koha issues (times borrowed) Koha full call number Accession No. Koha date last seen Koha item type
    Dewey Decimal Classification     VIVEKANANDA LIBRARY VIVEKANANDA LIBRARY Vivekananda Library 22/01/2026   576 R14A 444516 22/01/2026 Books
    Dewey Decimal Classification     VIVEKANANDA LIBRARY VIVEKANANDA LIBRARY Vivekananda Library 22/01/2026   576 R14A 444517 22/01/2026 Books
© Designed and Maintained by Vivekananda Library, MDU Rohtak